Pays du monde contenant deux U - Statistiques

Statistiques générales
  • Ce quiz a été pris 424 fois
  • Le résultat moyen est 10 sur 20
Statistiques - réponses
Pays % Correct
Uruguay
88%
République démocratique du Congo
67%
Tuvalu
60%
Guinée équatoriale
59%
Guinée-Bissau
56%
Vanuatu
56%
République tchèque
55%
Afrique du Sud
53%
Papouasie-Nouvelle-Guinée
53%
Soudan du Sud
51%
Burundi
47%
République Centrafricaine
46%
République dominicaine
44%
Royaume-Uni
43%
Antigua-et-Barbuda
37%
Corée du Sud
37%
Luxembourg
35%
Nauru
33%
Équateur
30%
Turquie
30%
Aucun quiz correspondant
Distribution des résultats
% des personnes avec chaque résultat
Percentile par nombre de réponses
Votre historique - résultats
Vous n’avez pas pris ce quiz